| 000 -LEADER |
| fixed length control field |
00382nam a2200145Ia 4500 |
| 008 - FIXED-LENGTH DATA ELEMENTS--GENERAL INFORMATION |
| fixed length control field |
200103s9999||||xx |||||||||||||| ||und|| |
| 082 ## - DEWEY DECIMAL CLASSIFICATION NUMBER |
| Classification number |
Column-1 |
| 100 ## - MAIN ENTRY--PERSONAL NAME |
| Personal name |
Malvino |
| 245 #0 - TITLE STATEMENT |
| Title |
Digital Computer Electronics: an introduction to microcomputers |
| 250 ## - EDITION STATEMENT |
| Edition statement |
2nd ed. |
| 260 ## - PUBLICATION, DISTRIBUTION, ETC. (IMPRINT) |
| Name of publisher, distributor, etc |
Tata McGraw-Hill publishing Cop. Ltd. |
| Date of publication, distribution, etc |
1988 |
| 300 ## - PHYSICAL DESCRIPTION |
| Extent |
337 |
| 942 ## - ADDED ENTRY ELEMENTS (KOHA) |
| Item type |
Books |